00365nam a2200133 a 45000010010000000030011000100080041000210350026000620820014000881000025001022450039001272600039001666500026002050000-8538ELIB.Books110520 1954  a(ELIB.Books)0000-8683 a973 bCoy aCoyle, David Cushman aThe United States Political System bNew York: A Signet Key Book c1954 aGeography and History